Sanat - "Väärään aikaan" - Ahti, feat Hugo - Statistics

Yleistilastot
  • Tätä visaa on pelattu 105 kertaa
  • Keskiarvotulos 190 / 324
Vastaustilastot
Vastaus % Oikein
94%
aika
91%
91%
väärään
90%
aikaan
89%
Ei
86%
ei
86%
ihminen
84%
mul
83%
ollu
83%
asiaa
81%
niin
81%
oikee
81%
tärkeetä
81%
vast
81%
jos
76%
vastaiskaan
74%
on
71%
pärjään
71%
tää
71%
en
70%
kyllä
70%
70%
mut
69%
vaikka
69%
vaikket
69%
et
67%
ja
66%
kaa
64%
yksi
64%
kai
63%
luo
63%
me
63%
se
63%
Se
63%
yksin
63%
ois
61%
jota
60%
kaipaan
60%
kun
60%
luovuttaa
60%
oo
60%
vaikeeta
60%
alla
59%
maailmaa
59%
muiden
59%
Nukkuisin
59%
nukkuisin
59%
tähtitaivaan
59%
ympäri
59%
59%
ehkä
57%
jostain
57%
kiertäisin
57%
mitä
57%
oli
57%
osaa
57%
silti
57%
syyst
57%
yöt
57%
sun
56%
syystä
56%
kohtaa
54%
oot
54%
jossain
53%
kaunein
53%
maan
53%
päällä
53%
sua
53%
viel
53%
että
50%
meidän
50%
mitään
50%
tai
50%
sen
49%
tiet
49%
joskus
47%
koskaan
47%
vastaan
47%
ne
46%
olla
44%
takii
43%
toivon
43%
valvoin
43%
vitun
43%
kelaan
41%
mist
41%
diippii
40%
ollaan
40%
tunteet
40%
vanhoi
40%
Venaa
40%
alkoi
39%
joka
39%
muistetaan
39%
ny
39%
tajuu
39%
vahvoi
39%
vielä
39%
kaikki
37%
tähtiin
37%
toisemme
37%
kirjoitettu
36%
koin
36%
miten
36%
oon
36%
sit
36%
lävistää
34%
rakkaus
34%
siihen
34%
valuu
34%
miekka
33%
räjähti
33%
toisel
33%
toisen
33%
avaruudes
31%
Luulin
31%
puolel
31%
tiiät
31%
voi
31%
ennen
30%
kumitettiin
30%
pois
30%
Halusin
29%
tule
29%
ikin
27%
käsistä
27%
puhun
27%
täällä
27%
ehdit
26%
hiekkaa
26%
lainkaan
26%
puhutaa
26%
soittaa
26%
tiiän
26%
ettiny
24%
liian
24%
nähdä
24%
backkiin
23%
kauan
23%
kunnol
23%
onnee
23%
toimii
23%
kaukana
21%
koitin
21%
rakastunu
21%
sisuskalun
21%
sulle
21%
vaikkei
21%
juteltu
20%
hetkeen
19%
silloin
19%
toinen
19%
pitää
17%
puheluun
17%
vastaat
17%
tietää
16%
Ehtoja vastaavia visoja ei löytynyt
Tulosjakauma
Jokaisen tuloksen saaneiden osuus
Persentiili vastausten määrän mukaan
Tuloshistoriasi
Et ole pelannut tätä visaa